[Event "Targo Mures Open 2019"]
[Site "Targo Mures"]
[Date "2019.10.18"]
[Round "2.2"]
[White "Neacsu, Mircea"]
[Black "Manolache, Marius"]
[Result "0-1"]
[WhiteElo "1941"]
[BlackElo "2548"]
[Annotator "TA"]
[PlyCount "44"]
[EventDate "2019.03.02"]
[EventType "swiss"]
[EventCountry "ROU"]
[SourceTitle "playchess.com"]
[Source "ChessBase"]
[SourceQuality "1"]

{[%evp 12,44,11,0,0,-20,-5,-19,-16,-29,-24,-40,-37,-37,-25,-37,-15,-10,-12,-84,-25,-47,-33,-40,-39,-53,-46,-387,-368,-1121,-1121,-29997,-29998,-29998,-29999]} 1. d4 Nf6 2. Nf3 d6 3. g3 Nbd7 4. Bg2 e5 5. dxe5 dxe5 6. O-O Bc5 7. Nc3 O-O {A46: 1 d4 Nf6 2 Nf3 e6: Torre, London and Colle Systems} 8. a3 $146 ({Predecessor:} 8. e4 a5 9. Nh4 a4 10. Rb1 Re8 11. b3 axb3 12. axb3 Nf8 13. Nf5 Ne6 14. b4 Bf8 15. Qxd8 Rxd8 16. Nd5 Nxd5 17. exd5 Nd4 18. Nxd4 {½-½ (18) Levin,F (2468)-Ehlvest,J (2536) Dresden 2018}) 8... h6 9. b4 Bd6 {The position is equal.} 10. Nb5 e4 11. Nfd4 Be5 12. Bf4 Re8 13. Bxe5 $1 Nxe5 14. Nb3 $1 Qe7 $36 {[%mdl 2048] White is under pressure.} 15. Nc5 (15. Qd4 $11) 15... Neg4 ({Better is} 15... c6 $17 16. Nc3 {[#]} e3 $1 {[%mdl 512]}) 16. h3 b6 {...Nxf2 is the strong threat.} 17. Nxe4 $1 Nxe4 18. hxg4 Bxg4 {aiming for ...a6.} 19. f3 $2 {[%mdl 8192]} (19. Qe1 $15) 19... Nxg3 $19 {[%mdl 64] [#] Double Attack, Discovered Attack} 20. fxg4 $2 (20. Rf2 Bh5 21. Nc3) 20... Nxe2+ 21. Kh2 Qh4+ {[%mdl 64] Double Attack} 22. Bh3 Qg3+ {Accuracy: White = 26%, Black = 56%.} 0-1

[Event "Targo Mures Open 2019"]
[Site "Targo Mures"]
[Date "2019.10.18"]
[Round "2.3"]
[White "Jianu, Vlad-Cristian"]
[Black "Illes, Sandor-Ferenc"]
[Result "1-0"]
[WhiteElo "2529"]
[BlackElo "1905"]
[Annotator "TA"]
[PlyCount "49"]
[EventDate "2019.03.02"]
[EventType "swiss"]
[EventCountry "ROU"]
[SourceTitle "playchess.com"]
[Source "ChessBase"]
[SourceQuality "1"]

{[%evp 16,49,15,-25,0,-4,27,6,57,16,17,11,29,21,44,40,29,64,88,89,156,136,372,361,453,434,617,615,608,602,650,639,29992,2425,29995,377]} 1. Nf3 d5 2. c4 Nf6 3. cxd5 Nxd5 4. g3 Nc6 5. Bg2 e5 6. d3 Be7 7. Nc3 O-O 8. O-O Be6 9. Bd2 Kh8 {A29: English Opening: Four Knights Variation with 4 g3} (9... Qd7 10. Ne4 f6 11. Rc1 a5 12. Nc5 Bxc5 13. Rxc5 a4 14. Qc1 Nde7 15. Qb1 Nf5 16. Rfc1 Qf7 17. a3 Nfd4 {0-1 (49) Fedoseev,V (2673)-Kryvoruchko,Y (2702) Novi Sad 2016}) 10. Rc1 f5 11. Na4 Nb6 (11... Qd7 $11) 12. Nc5 (12. Rxc6 $5 bxc6 13. Nxe5 $14) 12... Bxc5 13. Rxc5 Qd6 14. Rc1 $146 ({Predecessor:} 14. b4 a5 15. a3 axb4 16. Bxb4 Nxb4 17. axb4 {½-½ (42) Mitscherling,A (2227)-Zidek,V (2131) Ostrava 2011}) 14... Bxa2 15. Be3 Nd7 16. b3 f4 17. Bd2 {[%mdl 1024] Threatens to win with Ra1. White has strong compensation.} Qa3 ({Black should try} 17... Qe6) 18. Rc3 $16 Rac8 $2 {[#]} (18... fxg3 $16 {might work better.} 19. hxg3 Nc5) 19. Qa1 $18 Nb4 20. Bh3 Nb6 (20... Nd5 $142 21. Bxd7 Nxc3) 21. Bxc8 Rxc8 22. Nxe5 N6d5 23. Rc4 fxg3 24. fxg3 (24. Nf7+ $142 Kg8 {[#]} 25. Rg4 $1 {[%mdl 512]} Kxf7 26. Qxg7+ Ke6 27. Bxb4 gxh2+ 28. Kxh2 Qxb4 29. Rxb4 Nxb4 30. Qg4+ {[%mdl 64] Double Attack} Kd6 31. Qxc8) 24... b5 25. Nf7+ {Accuracy: White = 86%, Black =  4%.} 1-0

[Event "Targo Mures Open 2019"]
[Site "Targo Mures"]
[Date "2019.10.18"]
[Round "2.4"]
[White "Ferenczi, Sandor-Levente"]
[Black "Anton, Teodor"]
[Result "0-1"]
[WhiteElo "1902"]
[BlackElo "2445"]
[Annotator "TA"]
[PlyCount "84"]
[EventDate "2019.03.02"]
[EventType "swiss"]
[EventCountry "ROU"]
[SourceTitle "playchess.com"]
[Source "ChessBase"]
[SourceQuality "1"]

{[%evp 9,84,8,16,1,0,0,38,0,0,0,0,0,0,-19,0,-10,-8,-47,-64,-60,-55,-60,-19,-41,-27,-58,-24,-62,-70,-66,-68,-62,-64,-64,-66,-127,-116,-179,-169,-174,-128,-120,-125,-121,-114,-171,-168,-208,-186,-186,-193,-192,-192,-193,-189,-247,-238,-198,-151,-230,-229,-308,-302,-355,-283,-404,-388,-483,-427,-520,-415,-653,-639,-591,-554,-476,-329]} 1. d4 Nf6 2. c4 e6 3. Nf3 Bb4+ 4. Bd2 c5 5. a3 Bxd2+ 6. Nbxd2 {E11: Bogo-Indian} (6. Qxd2 cxd4 7. Nxd4 O-O 8. Nc3 d5 9. e3 dxc4 10. Bxc4 Bd7 11. O-O Nc6 12. Rfd1 Nxd4 13. Qxd4 Bc6 14. Qxd8 {½-½ (14) Stupak,K (2535)-Moiseenko,A (2663) Gjakova 2016}) 6... cxd4 7. Nxd4 Qb6 8. N2b3 {White is slightly better.} O-O 9. c5 $146 ({Predecessor:} 9. e3 a6 10. Bd3 Nc6 11. c5 Qc7 12. Rc1 Nxd4 13. Nxd4 {½-½ (22) Rincon Martin,S (1607)-Arcas Rodriguez,J (1634) Cambrils 2015}) 9... Qd8 10. Nb5 b6 11. Nd6 bxc5 12. Nxc5 Na6 $36 {[%mdl 2048] Black has the initiative.} 13. Nxa6 Bxa6 14. e4 Bxf1 $1 15. Kxf1 Qa5 16. Qd4 Qa6+ 17. Kg1 Rab8 (17... Nd5 {feels hotter.} 18. Qe5 Ne7 19. h4 Rab8 20. h5 Rb6) 18. h3 Qb6 19. Qxb6 Rxb6 20. e5 Nd5 21. b4 f6 22. g3 (22. Kh2 $15) 22... Rc6 23. Ra2 (23. Ne4 $17) 23... fxe5 $19 24. Ne4 Nc3 25. Nxc3 Rxc3 $17 {[%mdl 4096] Endgame KRR-KRR} 26. Kg2 e4 27. Re1 (27. a4 $17 {is a better defense.}) 27... d5 $19 28. Ree2 Rff3 29. a4 Kf7 30. b5 Ke7 31. a5 Ra3 32. Reb2 (32. b6 $142 axb6 33. axb6) 32... Rxa2 33. Rxa2 {KR-KR} Kd7 34. b6 (34. h4 $17 {might work better.}) 34... axb6 35. a6 {[#] aiming for a7.} Rf8 36. Rb2 Rb8 37. a7 (37. f3 {was necessary.}) 37... Ra8 38. Rxb6 {next Rb7+ is good for White.} Rxa7 39. Rb8 Ke7 40. Rh8 (40. Rb4 $142) 40... h6 {Black is clearly winning.} 41. Rg8 Kf7 42. Rd8 Ra3 {Accuracy: White = 35%, Black = 60%.} 0-1

[Event "Targo Mures Open 2019"]
[Site "Targo Mures"]
[Date "2019.10.18"]
[Round "2.5"]
[White "Filip, Lucian-Ioan"]
[Black "Panc, Samuel"]
[Result "1-0"]
[WhiteElo "2418"]
[BlackElo "1873"]
[Annotator "TA"]
[PlyCount "91"]
[EventDate "2019.03.02"]
[EventType "swiss"]
[EventCountry "ROU"]
[SourceTitle "playchess.com"]
[Source "ChessBase"]
[SourceQuality "1"]

{[%evp 9,91,25,26,23,28,28,28,29,32,24,28,26,47,49,42,43,45,54,93,93,100,99,113,92,105,108,102,101,120,87,85,80,140,147,136,45,97,77,64,44,91,84,218,227,387,371,508,493,398,310,282,199,199,199,198,181,184,170,218,177,207,224,302,302,280,279,247,0,276,293,520,506,1170,1177,1113,1111,1368,1289,1729,1227,1220,1137,1116,1050]} 1. Nf3 c5 2. c4 Nc6 3. d4 cxd4 4. Nxd4 e5 5. Nb5 d6 6. N1c3 {A30: Symmetrical English: Double Fianchetto and Hedgehog} a6 7. Na3 f5 $146 (7... Be6 8. g3 f5 9. Bg2 Nf6 10. O-O Be7 11. e4 fxe4 12. Nxe4 O-O {½-½ (69) Giri,A (2768)-Jobava,B (2717) Tashkent 2014}) ({Predecessor:} 7... Be7 8. g3 f5 9. Bg2 {0-1 (39) Erkens,T (1624)-Kurpnieks,V (1768) Chessfriend.com 2003}) 8. g3 {White has an edge.} Nf6 9. Bg2 Be7 10. O-O O-O 11. Nc2 Be6 12. Ne3 Rc8 13. Ned5 Na5 14. b3 Nxd5 15. Nxd5 Nc6 16. Ba3 Bxd5 17. Qxd5+ Kh8 18. Rad1 Nd4 19. Rxd4 exd4 20. Qxb7 ({Of course not} 20. Qxd4 $6 Qa5 $11) 20... Bf6 ({Black should play} 20... Qa5) 21. Qd5 $16 ({Don't do} 21. Qxa6 $6 Re8 $16) 21... Re8 22. Bf3 (22. Qxf5 $16 Rxe2 23. Bxd6 $1 {[%mdl 512]}) 22... Re5 (22... Be5 $14) 23. Qxd6 Ra5 24. Rd1 Be5 {[#]} 25. Qe6 $1 $36 {[%mdl 2048] And now Bb4 would win. White is really pushing.} Bf6 (25... Rxa3 $16 26. Qxe5 Qf6 27. Qxf6 (27. Qxd4 Qxd4 28. Rxd4 Rxa2 $16) 27... gxf6) 26. Bd6 $18 Rxa2 $2 (26... Qe8 27. Qxe8+ Rxe8) 27. Bb7 Rb8 28. Bxb8 Qxb8 29. Bxa6 Qg8 30. Bc8 Qxe6 31. Bxe6 Rxe2 32. Bxf5 {[%mdl 4096] Endgame KRB-KRB} Rb2 33. Rd3 h6 34. Be6 Rc2 35. b4 {[%cal Bb3b4,Bb4b5][%mdl 32]} g6 36. b5 Rb2 37. Bd7 Rc2 38. Be6 Rb2 $1 39. Ra3 Kg7 $2 (39... g5 40. Kg2 Kg7 41. Ra7+ Kg6) 40. Ra7+ {White is clearly winning.} Kf8 (40... Kh8 $142 41. c5 Rxb5) 41. Rf7+ {[%mdl 64] Double Attack} Ke8 42. Rxf6 d3 43. Bg4 d2 44. Rd6 h5 45. Bf3 Ke7 46. Rd5 {Accuracy: White = 80%, Black = 37%.} 1-0

[Event "Targo Mures Open 2019"]
[Site "Targo Mures"]
[Date "2019.10.18"]
[Round "2.6"]
[White "Duma, Ioan-Gheorghe"]
[Black "Soltanici, Ruslan"]
[Result "0-1"]
[WhiteElo "1834"]
[BlackElo "2416"]
[Annotator "TA"]
[PlyCount "54"]
[EventDate "2019.03.02"]
[EventType "swiss"]
[EventCountry "ROU"]
[SourceTitle "playchess.com"]
[Source "ChessBase"]
[SourceQuality "1"]

{[%evp 9,108,0,-8,0,0,-22,-1,-22,0,-16,-25,-27,-21,-48,-38,-42,-26,-25,-23,-29,-16,-35,-11,-16,-9,-8,-9,-10,-8,-17,-14,-27,0,-47,-44,-45,-40,-54,-33,-56,-55,-82,-84,-80,-82,-282,-218,-211,-195,-195,-195,-206,-152,-244,-225,-225,-222,-225,-223,-198,-191,-279,-261,-281,-278,-269,-262,-387,-387,-491,-467,-528,-414,-395,-275,-863,-863,-849,-849,-832,-824,-789,-692,-802,-768,-2465,-1815,-6628,-6544,-12840,-12839,-12841,-12842,-12841,-12842,-12847,-12847,-12848,-12848,-12848,-12849]} 1. d4 Nf6 2. c4 e6 3. Nf3 b6 4. Bf4 Bb4+ 5. Nbd2 Bb7 6. a3 {E12: Queen's Indian: Unusual White 4th moves, 4 a3, 4 Nc3 Bb7 5 a3 and 4 Nc3 Bb7} Be7 7. e3 c5 8. Be2 {The position is equal.} O-O 9. O-O Nh5 10. Bxb8 $146 ({Predecessor:} 10. Bg3 cxd4 11. Nxd4 Nxg3 12. hxg3 Nc6 13. Bf3 Qc7 14. Nb5 Qb8 {½-½ (50) Short,N (2687)-Adams,M (2715) Sheffield 2011}) 10... Rxb8 11. Ne5 Nf6 12. Bf3 Qc7 13. Bxb7 Qxb7 14. Qe2 a6 15. Rab1 cxd4 16. exd4 b5 17. c5 d6 18. Nd3 Rfd8 19. Rfd1 a5 20. b4 Ra8 21. Nb3 axb4 22. axb4 Nd5 {Hoping for ...Nc3.} 23. Qb2 Bf6 24. Na5 Qc7 25. Ra1 dxc5 26. Nxc5 Nf4 $40 {[%mdl 128] ...Bxd4! is the strong threat. Black has strong attack.} 27. g3 $2 {[#]} (27. Kh1 $17) 27... Bxd4 {Played: Rd8xd4} 0-1

[Event "Targo Mures Open 2019"]
[Site "Targo Mures"]
[Date "2019.10.18"]
[Round "2.7"]
[White "Vasiesiu, Dan"]
[Black "Chiriac, Daniel"]
[Result "1-0"]
[WhiteElo "2392"]
[BlackElo "1836"]
[Annotator "TA"]
[PlyCount "55"]
[EventDate "2019.03.02"]
[EventType "swiss"]
[EventCountry "ROU"]
[SourceTitle "playchess.com"]
[Source "ChessBase"]
[SourceQuality "1"]

{[%evp 10,55,22,33,34,27,33,37,48,33,55,23,49,45,49,48,41,33,49,21,25,33,12,4,34,22,58,14,59,56,64,66,78,58,52,27,147,135,120,119,155,110,111,114,120,120,129,117]} 1. e4 c6 2. Nc3 d5 3. Nf3 dxe4 4. Nxe4 Nf6 5. Qe2 Nxe4 6. Qxe4 Qd5 {B11: Caro-Kann: Two Knights Variation} (6... Qa5 7. Qh4 Nd7 8. Bc4 Ne5 9. Be2 Nxf3+ 10. Bxf3 Bf5 11. O-O Bxc2 12. d4 e6 13. Qg3 Bg6 14. h4 {1-0 (48) Wei,Y (2721)-Vachier Lagrave,M (2774) chess.com INT 2019}) 7. Qf4 Qd6 8. d4 Qxf4 {White is slightly better.} 9. Bxf4 Nd7 $146 ({Predecessor:} 9... Bf5 10. O-O-O e6 11. Nh4 Bg4 12. f3 Bh5 13. g4 Be7 14. Nf5 exf5 15. gxh5 {0-1 (45) Feuerstack,A (2449)-Donchenko,A (2631) Neumarkt in der Oberpfalz 2019}) 10. Bc4 e6 11. O-O Be7 12. Rfe1 O-O 13. Bb3 Nf6 14. c4 Rd8 15. Rad1 Bb4 16. Re2 b5 17. c5 $36 {[%mdl 2048] White is pushing.} Ba5 18. a4 a6 19. Bd6 Ra7 20. Ne5 Bd7 21. f4 {f5! is the strong threat.} Be8 $1 22. Rf1 Nd5 (22... Bc7 $11) 23. f5 $16 exf5 24. Rxf5 Bc7 25. axb5 axb5 {White is better.} 26. Bxd5 cxd5 27. Bxc7 Rxc7 28. Nd3 {Accuracy: White = 54%, Black = 41%.} 1-0

[Event "Targo Mures Open 2019"]
[Site "Targo Mures"]
[Date "2019.10.18"]
[Round "2.8"]
[White "Porfireanu, Serban"]
[Black "Banzea, Alexandru-Bogdan"]
[Result "0-1"]
[WhiteElo "1811"]
[BlackElo "2389"]
[Annotator "TA"]
[PlyCount "86"]
[EventDate "2019.03.02"]
[EventType "swiss"]
[EventCountry "ROU"]
[SourceTitle "playchess.com"]
[Source "ChessBase"]
[SourceQuality "1"]

{[%evp 15,86,-16,0,-47,1,-45,108,108,101,-68,-64,-78,-81,-74,-64,-83,-12,-20,-14,-14,-25,-18,-18,-34,-31,-36,-25,-94,-45,-96,-66,-126,-112,-89,-94,-147,-157,-147,-150,-222,-222,-241,-235,-271,-286,-268,-193,-257,-284,-257,-185,-183,-175,-448,-447,-451,-450,-416,-429,-567,-560,-671,-528,-29987,-29988,-29988,-29989,-29990,-29991,-29991,-29991,-29991,-29992]} 1. Nf3 c5 2. g3 Nc6 3. Bg2 e5 4. e4 g6 5. c3 Bg7 6. O-O Nge7 7. d3 d5 8. Nbd2 O-O 9. Re1 {A07: Réti Opening: New York and Capablanca Systems} (9. a3 b6 10. Re1 Ba6 11. exd5 Nxd5 12. Nc4 Re8 13. Qc2 Qd7 14. a4 Rad8 15. Bg5 f6 16. Bd2 Nde7 {1-0 (39) Petrosian,T (2601)-Le,Q (2737) Riadh 2017}) 9... h6 10. Qe2 f5 $146 (10... d4 $15 {stays ahead.}) ({Predecessor:} 10... Kh7 11. Nf1 Be6 12. h4 Qd7 13. N1h2 Rad8 14. Nd2 f5 {0-1 (38) Lemonidis,C (1820)-Hoepfner,T (1959) Germany 2016}) 11. exd5 $16 {White is better.} Nxd5 12. Nf1 $2 (12. Nc4 $16) 12... Re8 $15 13. Qc2 Be6 14. a3 Qd7 15. Bd2 Qf7 ({Black should try} 15... Rad8 $17 {White should prevent ...Nb6.} 16. Rad1 g5) 16. c4 $11 Nb6 17. Bc3 {[%cal Rf3e5]} Nd7 18. b4 Rad8 19. Rab1 Nd4 20. Bxd4 cxd4 21. N3d2 (21. c5 $11 {remains equal.}) 21... b6 22. Qd1 ({Better is} 22. c5 $15) 22... Kh7 23. h3 {[#]} (23. Nf3 $15) 23... e4 $1 $17 {[%mdl 512]} 24. dxe4 f4 25. gxf4 (25. g4 $142) 25... Qxf4 26. Qf3 Qc7 27. Qe2 (27. e5 $17 {was necessary.}) 27... Rf8 $19 28. Nh2 Ne5 29. c5 bxc5 30. bxc5 Qxc5 31. Rec1 (31. Nhf3 {was worth a try.}) 31... Qxa3 {White must now prevent ...Nd3.} 32. Nhf3 Qe7 33. Nxe5 Bxe5 34. Rb5 $2 (34. Qd3) 34... d3 35. Qd1 Bd4 36. Nf3 Bb6 37. Qd2 {[#]} Bxh3 $1 {[%mdl 512]} 38. Re5 (38. Bxh3 Rxf3) 38... Qd6 39. Ng5+ hxg5 {Black mates.} 40. Qxg5 Rxf2 41. Rc7+ Qxc7 42. Re7+ {[#]} Qxe7 $1 {[%mdl 64] Remove Defender} 43. Qxe7+ Rf7+ {[%mdl 64] Discovered Attack. Accuracy: White = 20%, Black = 56%.} 0-1

[Event "Targo Mures Open 2019"]
[Site "Targo Mures"]
[Date "2019.10.18"]
[Round "2.9"]
[White "Petre, Nad-Titus"]
[Black "Denes, Attila-Norbert"]
[Result "1-0"]
[WhiteElo "2306"]
[BlackElo "1817"]
[Annotator "TA"]
[PlyCount "59"]
[EventDate "2019.03.02"]
[EventType "swiss"]
[EventCountry "ROU"]
[SourceTitle "playchess.com"]
[Source "ChessBase"]
[SourceQuality "1"]

{[%evp 9,59,24,41,29,31,21,29,30,31,16,19,22,50,27,39,40,39,38,38,35,40,38,29,14,26,19,62,56,100,95,163,164,155,113,287,281,493,483,784,788,833,878,865,835,998,936,929,912,1002,1003,1752,1726]} 1. c4 e5 2. Nc3 c5 3. g3 Nc6 4. Bg2 Nf6 5. d3 h6 6. Nf3 {A36: Symmetrical English vs ...g6: 4 Bg2 Bg7} d6 7. a3 Be7 8. Rb1 {White has an edge.} a5 9. O-O (9. Nd2 Be6 10. Nf1 d5 11. cxd5 Nxd5 {0-1 (40) Pantsulaia,L (2595)-Efimenko,Z (2695) Plovdiv 2012}) 9... O-O 10. Ne1 Ne8 11. Nd5 $146 ({Predecessor:} 11. f4 f5 12. Nd5 Nf6 13. Nc2 a4 {1-0 (49) Birmingham,E (2365)-Degraeve,J (2365) Epinal 1989}) 11... Nc7 12. Nb6 Ra6 13. Nxc8 Qxc8 14. b3 b5 15. Nc2 b4 16. e3 Qe6 17. d4 {[#] Threatens to win with d5.} exd4 18. exd4 Qg6 19. Re1 {And now Bxc6 would win.} Re8 {[#]} (19... Bg5 $16) 20. Be4 $1 $36 {[%cal Re4g6][%mdl 2048] Black is under strong pressure.} f5 21. Bf3 {Bh5 is the strong threat.} Qf7 $2 (21... Bf8 $16 {was necessary.} 22. Rxe8 Qxe8) 22. dxc5 dxc5 $2 (22... Rd8 23. Qe2 Bf6) 23. Qd7 {[%mdl 64] Double Attack. White is clearly winning.} Qf6 (23... Bf6 $142 24. Rxe8+ Qxe8 25. Qxc7 Kh7) 24. Qxc7 Kh7 25. Bb2 Qg6 26. axb4 cxb4 27. Qb7 Nd8 28. Qb5 Rd6 29. Bd5 f4 30. Be4 {Accuracy: White = 87%, Black = 25%.} 1-0

[Event "Targo Mures Open 2019"]
[Site "Targo Mures"]
[Date "2019.10.18"]
[Round "2.10"]
[White "Badelita, Beniamin"]
[Black "Manea, Alexandru"]
[Result "0-1"]
[WhiteElo "1792"]
[BlackElo "2305"]
[Annotator "TA"]
[PlyCount "56"]
[EventDate "2019.03.02"]
[EventType "swiss"]
[EventCountry "ROU"]
[SourceTitle "playchess.com"]
[Source "ChessBase"]
[SourceQuality "1"]

{[%evp 10,56,-11,-6,56,-8,1,-10,77,-9,-11,-33,-14,-20,-27,-41,-41,-41,-37,-27,0,-37,-18,-54,-37,-41,-29,-30,-12,-50,-47,-54,-35,-75,-57,-87,42,42,34,-52,-56,-55,-4,-325,-329,-393,-408,-404,-395]} 1. e4 c5 2. Nf3 a6 3. b3 Nc6 4. Bb2 e6 5. d4 cxd4 6. Nxd4 Qc7 {B40: Sicilian: 2...e6, Unusual lines} (6... Qf6 $11) (6... Qf6 7. c3 Bc5 8. Nf3 Nge7 9. Nbd2 d5 10. Be2 O-O 11. O-O Ng6 12. exd5 exd5 13. Bd3 Nf4 14. Bc2 {0-1 (23) Kevlishvili,R (2451)-Perunovic,M (2597) Skopje 2018}) 7. g3 (7. Nxc6 $14 Qxc6 8. Nd2) 7... Nf6 8. Bg2 Nxe4 $146 (8... Bb4+ $11 9. c3 Nxd4) ({Predecessor:} 8... Bb4+ 9. c3 Nxd4 10. Qxd4 Bc5 11. Qd3 h5 12. c4 h4 13. Nd2 Ng4 14. Qf3 {0-1 (43) Golinski,D (1881)-Gawronski,M (2260) Wloclawek 2008}) 9. O-O (9. Nxc6 $16 Qxc6 10. O-O) 9... Nf6 $11 10. c4 Be7 11. Nc3 O-O 12. Ne4 Nxe4 13. Bxe4 f5 14. Bg2 Bf6 15. Rb1 {[%cal Ba1b1,Bb1b2,Bb2d2][%mdl 32]} Rb8 16. Nf3 Bxb2 17. Rxb2 b5 18. c5 b4 19. Rd2 Ne7 20. Qc2 Bb7 21. Rfd1 Bd5 22. Ng5 {[%cal Rd2d5]} Rb5 ({Black should try} 22... h6 $17 23. Bxd5 Nxd5) 23. Bxd5 $14 Nxd5 24. c6 (24. Rxd5 $14 exd5 25. Rxd5) 24... h6 $36 {[%mdl 2048] White is under pressure.} 25. cxd7 Qxc2 (25... Qxd7 $15 26. Nf3 Rb6) 26. Rxc2 $4 {[%mdl 8192] [#]} (26. Nxe6 $11 {and White has nothing to worry.} Qxd2 27. Rxd2) 26... hxg5 $19 27. Rc6 Kf7 28. Re1 Rd8 {Accuracy: White = 40%, Black = 23%.} 0-1

[Event "Targo Mures Open 2019"]
[Site "Targo Mures"]
[Date "2019.10.18"]
[Round "2.11"]
[White "Ognean, Mihnea-Ionut"]
[Black "Moga, Victor-Emilian"]
[Result "1-0"]
[WhiteElo "2285"]
[BlackElo "1760"]
[Annotator "TA"]
[PlyCount "77"]
[EventDate "2019.03.02"]
[EventType "swiss"]
[EventCountry "ROU"]
[SourceTitle "playchess.com"]
[Source "ChessBase"]
[SourceQuality "1"]

{[%evp 14,85,50,31,63,62,63,58,80,76,94,87,97,100,94,109,145,139,139,120,141,153,145,89,126,113,109,106,128,122,182,192,185,89,330,284,443,406,411,437,780,764,1010,722,709,696,825,806,856,560,555,554,543,542,597,598,602,595,644,592,878,838,781,819,2340,1979,2350,2292,29978,29980,5918,1980,1981,1841]} 1. e4 c5 2. Nf3 Nc6 3. d4 cxd4 4. Nxd4 g6 5. c4 Bg7 6. Be3 d6 7. Nc3 Nf6 8. f3 Bd7 {B38: Sicilian: Maroczy Bind with 5...Bg7 and 7...0-0} (8... O-O 9. Be2 Nxd4 10. Bxd4 Be6 11. O-O Qa5 12. Rc1 Rfc8 13. b3 a6 14. f4 b5 15. f5 Bd7 16. Bxf6 Bxf6 17. Nd5 Bg5 18. Rc3 e6 19. Rg3 Bh4 20. Rg4 {1-0 (30) Efimenko,Z (2651)-Korobov,A (2692) Rivne 2016}) 9. Qd2 h5 10. Be2 Ne5 {White is slightly better.} 11. O-O O-O 12. Nd5 $146 ({Predecessor:} 12. Rfd1 Rc8 13. b3 a6 14. Rac1 Ne8 15. Nc2 Kh7 16. Nd5 f5 17. Bb6 Nc7 18. f4 {1-0 (40) Froewis,G (2433)-Prinzjakowitsch,B (2138) Austria 2018}) 12... Nc6 13. Nc2 b6 14. Bh6 Nh7 15. Bxg7 Kxg7 16. f4 f5 17. exf5 Bxf5 18. Bd3 (18. Nce3 $142) 18... e6 19. Nc3 Bxd3 20. Qxd3 Nf6 21. Rad1 Ne8 (21... Qd7 $16) 22. Ne4 $18 Qe7 23. Nxd6 (23. Ng5 $18 {aiming for Qe4.} Rc8 24. Ne3) 23... Nf6 $2 {[#]} (23... e5 $16) 24. Qf3 Qc7 (24... Na5 $142 25. b4 Rad8) 25. Nb5 Qc8 26. Rfe1 Ne7 (26... Kg8 $142 27. Ncd4 Nxd4 28. Nxd4 Qc5) 27. Ncd4 Qc5 28. Kh1 Kg8 29. Nxe6 {[%mdl 64] [#] Double Attack} Qxc4 30. Nd6 Qc6 31. Qxc6 Nxc6 32. Nxf8 Rxf8 33. g3 Ng4 {Black hopes to continue with ...Nf2+.} 34. Kg2 h4 35. h3 Nh6 36. Re6 Kh7 37. Rc1 Nd8 38. Rc7+ Ndf7 39. g4 {Played: Re6-e7} 1-0

[Event "Targo Mures Open 2019"]
[Site "Targo Mures"]
[Date "2019.10.18"]
[Round "2.12"]
[White "Iuga, Ioan-Alexandru"]
[Black "Daianu, Cristian-Clement"]
[Result "0-1"]
[WhiteElo "1574"]
[BlackElo "2206"]
[Annotator "RC"]
[PlyCount "74"]
[EventDate "2019.03.02"]
[EventType "swiss"]
[EventCountry "ROU"]
[SourceTitle "playchess.com"]
[Source "ChessBase"]
[SourceQuality "1"]
[TimeControl "5400+30"]

1. e4 {[%emt 0:00:00]} c5 {[%emt 0:02:35]} 2. Nf3 {[%emt 0:00:00]} d6 {[%emt 0:00:15]} 3. d4 {[%emt 0:00:00]} cxd4 {[%emt 0:00:06]} 4. Nxd4 {[%emt 0:00:00]} Nf6 {[%emt 0:00:04]} 5. Nc3 {[%emt 0:00:03]} a6 {[%emt 0:00:06]} 6. Bg5 {[%emt 0:00:05]} Nbd7 {[%emt 0:00:40]} 7. f4 {[%emt 0:01:17]} Qc7 {[%emt 0:00:27]} 8. Qf3 {[%emt 0:01:01]} e5 {[%emt 0:00:17]} 9. Nb3 {[%emt 0:03:34]} h6 {[%emt 0:04:31]} 10. Bxf6 {[%emt 0:03:15]} Nxf6 {[%emt 0:00:03]} 11. fxe5 {[%emt 0:00:10]} dxe5 {[%emt 0:00:10]} 12. h3 {[%emt 0:00:43]} Bb4 {[%emt 0:03:09]} 13. O-O-O {[%emt 0:03:17]} Bxc3 {[%emt 0:02:58]} 14. bxc3 {[%emt 0:01:15]} Be6 {[%emt 0:00:07]} 15. Kb2 {[%emt 0:06:57]} Rc8 {[%emt 0:00:31]} 16. Be2 {[%emt 0:03:14]} Qc6 {[%emt 0:02:33]} 17. Rhe1 {[%emt 0:07:15]} O-O {[%emt 0:01:40]} 18. Qe3 {[%emt 0:10:53]} Nxe4 {[%emt 0:01:59]} 19. Bf3 {[%emt 0:02:38]} Qxc3+ {[%emt 0:00:18]} 20. Qxc3 {[%emt 0:00:30]} Nxc3 {[%emt 0:00:05]} 21. Rd3 {[%emt 0:01:34]} Na4+ {[%emt 0:04:46]} 22. Kb1 {[%emt 0:01:38]} Bf5 {[%emt 0:00:08]} 23. Rd2 {[%emt 0:01:05]} Rfe8 {[%emt 0:02:26]} 24. Bxb7 {[%emt 0:00:33]} Rc7 {[%emt 0:08:00]} 25. Bf3 {[%emt 0:30:28]} f6 {[%emt 0:04:38]} 26. Bd5+ {[%emt 0:01:58]} Kf8 {[%emt 0:00:15]} 27. g4 {[%emt 0:00:59]} Nc3+ {[%emt 0:03:49]} 28. Kb2 {[%emt 0:01:43]} Bxc2 {[%emt 0:00:27]} 29. Rxc2 {[%emt 0:00:55]} Nxd5 {[%emt 0:00:49]} 30. Rxc7 {[%emt 0:00:24]} Nxc7 {[%emt 0:00:04]} 31. Rc1 {[%emt 0:00:16]} Re7 {[%emt 0:00:26]} 32. Rc6 {[%emt 0:00:23]} e4 {[%emt 0:00:20]} 33. Nd4 {[%emt 0:00:29]} e3 {[%emt 0:01:21]} 34. Rxc7 {[%emt 0:02:28]} Rxc7 {[%emt 0:01:17]} 35. Ne6+ {[%emt 0:00:18]} Kf7 {[%emt 0:00:13]} 36. Nxc7 {[%emt 0:00:17]} e2 {[%emt 0:00:04]} 37. Nxa6 {[%emt 0:00:20]} e1=Q {[%emt 0:00:06]} 0-1